| 000 | 00602 a2200157 4500 | ||
|---|---|---|---|
| 082 | _a378.242 | ||
| 100 |
_aWaseem Anwar _993315 |
||
| 245 |
_aEfficient signal processing of radar's receiver [project report BEE-4] _cWaseem Anwar |
||
| 260 |
_aIslamabad _bNUST School of Electrical Engineering and Computer Science _c2010 |
||
| 300 |
_a165p. _bill.: _c36cm _eCD-ROM |
||
| 500 | _aSupervisors: Dr. Muhammad Shahzad Younis, Mr. Ata ul Basit | ||
| 700 |
_aAyesha Nasim _993316 |
||
| 700 |
_aKinza Nasrullah _993317 |
||
| 856 | _uEfficient signal processing of radar's receiver | ||
| 942 |
_cPR _k378.242 WAS _2ddc |
||
| 999 |
_c10724 _d10724 |
||